Paseando con animales prehistóricos : tierra de gigantes = Walking with Beasts : The Land of Giants /

Guardado en:
Bibliografiske detaljer
Hovedforfatter: James, Jasper (prod. de la serie)
Andre forfattere: Haines, Tim (producción ejecutiva) (producción ejecutiva), Howarth, John (fotógrafo) (fotógrafo), Wilks, Andrew (montaje) (montaje), Bartlett, Ben (música) (música), Branagh, Kenneth (conducción) (conducción), Thorn, Peter (fotógrafo) (fotógrafo)
Format: Slide
Sprog:engelsk
Udgivet: Inglaterra : BBC, 2001, c2001
Serier:(Paseando con Animales Prehistóricos ; 2)
(Walking with Beasts ; 2)
Fag:
Tags: Tilføj Tag
Ingen Tags, Vær først til at tagge denne postø!

MARC

LEADER 00000ngm^a2200000^a^4500
001 000184568
005 20250521000000.0
009 20260310102119.638
037 |a Acervo ITESO - Biblioteca 
041 |a ING 
082 |a 569.  |b PAS V. 2 
100 |a James, Jasper  |e (prod. de la serie) 
240 1 1 |a [Paseando con animales prehistóricos] 
240 1 1 |a [Walking with Beasts] 
245 1 0 |a Paseando con animales prehistóricos :  |b tierra de gigantes = Walking with Beasts : The Land of Giants /  |c Prod. de la serie de J. James ; prod. ejecutiva de T. Haines. 
246 2 |a Título alternativo en español (Argentina): Caminando con bestias prehistóricas: tierra de gigantes 
246 2 |a Título alternativo en español (Argentina): Caminando con criaturas prehistóricas: tierra de gigantes 
246 2 |a Título alternativo en español (Argentina): Caminando con bestias prehistóricas: parientes cercanos 
246 2 |a Título alternativo en español (Argentina): Caminando con criaturas prehistóricas: parientes cercanos 
246 2 |a Título en la pantalla: Caminando con animales prehistóricos: tierra de gigantes 
246 2 |a Título en la pantalla: Caminando con animales prehistóricos: parientes cercanos 
264 4 |a Inglaterra :  |b BBC,  |c 2001, c2001 
264 2 |a México :  |b Tycoon [distribución],  |c copyright fecha no identificada 
300 |a 1 DVD sin dato de región  |c (29, 29 min.) 
336 |a imagen móvil bidimensional  |b tdi  |2 rdacontenido 
337 |a video  |b v  |2 rdamedio 
338 |a videodisco  |b vd  |2 rdasoporte 
440 1 |a (Paseando con Animales Prehistóricos ;  |v 2) 
440 1 |a (Walking with Beasts ;  |v 2) 
546 |a En inglés, con subtítulos opcionales: español 
546 |a Doblaje opcional: español 
649 |a XX 
650 |a Mamíferos Fósiles 
650 |a Animales Extintos –  |z Mongolia 
650 |a Hombre Prehistórico 
650 |a Hombre -  |x Origen 
650 |a Mamíferos 
650 |a Vertebrados 
650 |a Paleontología 
650 |a Zoología 
650 |a Paleobiología 
650 |a Biología 
650 |a Historia Natural -  |z Mongolia 
650 |a Etiopía –  |x Historia 
650 |a Prehistoria –  |z Etiopía 
740 0 |a Paseando con animales prehistóricos :  |b parientes cercanos = Walking with Beasts : Next of Kin /  |c Prod. de la serie de J. James ; prod. ejecutiva de T. Haines. 
700 |a Haines, Tim  |e (producción ejecutiva) 
700 |a Howarth, John  |e (fotógrafo) 
700 |a Wilks, Andrew  |e (montaje) 
700 |a Bartlett, Ben  |e (música) 
700 |a Branagh, Kenneth  |e (conducción) 
700 |a Thorn, Peter  |e (fotógrafo) 
910 |a Fondo General 
920 |a Audiovisuales - DVDs 
905 |a 302 
901 |a 0500108523  |b IT2  |c DVS  |u 20250521 
902 |a https://opac.biblio.iteso.mx/vufind/Record/000184568